[Event "XXXV Abierto Ciudad de Sevilla"]
[Site "?"]
[Date "2010.01.16"]
[Round "9"]
[White "Perez Garcia, Roberto"]
[Black "Razmyslov, Alexander"]
[Result "0-1"]
[WhiteElo "2172"]
[BlackElo "2431"]
[PlyCount "88"]
[EventDate "2010.01.06"]
[SourceDate "2010.01.08"]

1. e4 c6 2. d4 d5 3. Nc3 dxe4 4. Nxe4 Bf5 5. Ng3 Bg6 6. h4 h6 7. Nf3 Nd7 8. h5
Bh7 9. Bd3 Bxd3 10. Qxd3 e6 11. Bd2 Qc7 12. O-O-O Ngf6 13. Ne4 O-O-O 14. g3
Nxe4 15. Qxe4 Bd6 16. c4 c5 17. Bc3 Rhe8 18. Qe2 cxd4 19. Nxd4 a6 20. Rh4 Be7
21. Rhh1 Bf6 22. Kb1 Nc5 23. Qc2 Rd7 24. Rd2 Red8 25. Rhd1 Qe5 $2 (25... Kb8)
26. f3 $4 {Diagrama #} (26. Nc6 $18) 26... Qxh5 $2 (26... Qe3 $19) 27. b4 e5
28. g4 Qh3 29. bxc5 exd4 30. c6 bxc6 31. Qf5 Kb8 32. Rb2+ Rb7 33. Rxb7+ Kxb7
34. Ba5 Rb8 35. c5 Ka8+ 36. Bb6 Bd8 37. Qd7 Bxb6 38. cxb6 Rxb6+ 39. Ka1 Qxf3
40. Qc8+ Ka7 41. Qd7+ Rb7 42. Qxd4+ Ka8 43. Re1 Rb8 44. Qxg7 f6 0-1

[Event "XXXV Abierto Ciudad de Sevilla"]
[Site "?"]
[Date "2010.01.16"]
[Round "9"]
[White "Lemos, Damian"]
[Black "Berbatov, Kiprian"]
[Result "0-1"]
[WhiteElo "2544"]
[BlackElo "2455"]
[PlyCount "100"]
[EventDate "2010.01.06"]
[SourceDate "2010.01.08"]

1. d4 Nf6 2. c4 g6 3. Nf3 Bg7 4. g3 O-O 5. Bg2 d6 6. O-O Nbd7 7. Nc3 e5 8. h3
c6 9. e4 Re8 10. Re1 exd4 11. Nxd4 Qb6 12. Na4 Qa5 13. Bf4 Ne5 14. b3 Nfd7 15.
Bd2 Qc7 16. Bc3 Nc5 17. Nb2 a5 18. a3 Qb6 19. Qc2 Ne6 20. Nxe6 Bxe6 21. Kh2 d5
$6 22. Na4 Qc7 23. exd5 cxd5 24. cxd5 Bxh3 $2 25. d6 $2 (25. Kxh3 $18) (25.
Bxh3 Nf3+ 26. Kh1 Nxe1 $19) 25... Qc8 26. Nb6 $2 (26. Bxh3 $2 Nf3+ 27. Kg2
Nxe1+ 28. Rxe1 Qc6+ 29. Kh2 Rxe1 $19) (26. Rxe5 Rxe5 27. Bxh3 Rh5 28. d7 Qxd7
29. g4 Qxg4 30. Qd3 $19) 26... Ng4+ {Diagrama #} (26... Qxc3 $2 27. Qxc3 Ng4+
28. Kxh3 Nxf2+ 29. Kh2 Bxc3 30. Nxa8 Rxa8 31. d7 Ng4+) 27. Kg1 (27. Kxh3 Nxf2+
28. Kh2 Ng4+ $11) 27... Qxc3 28. Qxc3 Bxc3 29. Nxa8 $19 (29. Bxh3 Bxe1 30. Bxg4
Rad8 31. d7 Re7 $15) 29... Bxe1 $19 30. Bxh3 Bxf2+ 31. Kg2 Bd4 32. Rc1 Ne3+ 33.
Kf3 Rxa8 34. d7 Rf8 35. Rc7 Nd5 36. Rxb7 Nf6 (36... f5) 37. Rb5 Rd8 38. Rxa5
Kf8 39. Ke2 Ke7 40. Kd3 Bb6 41. Ra6 Nxd7 42. Kc4 f5 43. b4 Bf2 44. a4 Rc8+ 45.
Kd5 Nb6+ 46. Ke5 Bxg3+ 47. Kd4 Bf2+ 48. Ke5 Rc4 49. Ra7+ Nd7+ 50. Kd5 Rd4+ 0-1

[Event "XXXV Abierto Ciudad de Sevilla"]
[Site "?"]
[Date "2010.01.16"]
[Round "9"]
[White "Fernandez Romero, Ernesto"]
[Black "Rioboo De Larriva, Alvaro"]
[Result "1-0"]
[WhiteElo "2458"]
[BlackElo "2186"]
[PlyCount "111"]
[EventDate "2010.01.06"]
[SourceDate "2010.01.08"]

1. d4 Nf6 2. c4 g6 3. Nc3 Bg7 4. e4 d6 5. Be2 O-O 6. Be3 Nc6 7. d5 Ne5 8. h3 e6
9. Nf3 Nxf3+ 10. Bxf3 Nd7 11. Qd2 a6 12. O-O exd5 13. Nxd5 c6 14. Nc3 Ne5 15.
Be2 f5 (15... Be6) 16. Rad1 $14 fxe4 17. Bg5 Qb6 (17... Qa5) 18. Nxe4 $16 d5
19. Be3 Qd8 20. Bc5 Re8 21. cxd5 Nf7 22. Nc3 Qh4 23. d6 Bd7 (23... Be6) 24. f4
$18 b5 25. Bd3 Re6 26. Bc2 Rae8 27. Rf2 (27. f5) 27... Qh5 28. b4 Kf8 29. Rdf1
a5 30. a3 Bh6 {Diagrama #} 31. Bd1 Qh4 32. Bg4 axb4 33. axb4 Kg8 34. Qa2 Qf6
35. Ne2 Bf8 36. Bxe6 Bxe6 37. Qd2 Rd8 38. f5 gxf5 39. Bd4 Rxd6 40. Qc3 Qd8 41.
Bf6 Rd3 42. Qa1 Qd6 43. Nf4 Re3 44. Bd4 Re4 45. Bc5 Bg7 46. Qa8+ Qd8 47. Qxc6
Bc4 48. Nh5 Ne5 49. Qb7 Nf7 50. Rxf5 Re2 51. Nxg7 Kxg7 52. Rxf7+ Bxf7 53. Qxf7+
Kh8 54. Qf8+ Qxf8 55. Rxf8+ Kg7 56. Rb8 1-0

[Event "XXXV Abierto Ciudad de Sevilla"]
[Site "?"]
[Date "2010.01.16"]
[Round "9"]
[White "Durao, Joaquim"]
[Black "Fernandez Troncoso, Francisco"]
[Result "1-0"]
[WhiteElo "2043"]
[BlackElo "2213"]
[PlyCount "118"]
[EventDate "2010.01.06"]
[SourceDate "2010.01.08"]

1. e4 d6 2. d4 Nf6 3. f3 g6 4. c4 Bg7 5. Nc3 O-O 6. Be3 b6 7. Nge2 c5 8. Qd2
Nc6 9. h4 h5 10. O-O-O Ba6 11. b3 e5 12. d5 Nd4 13. Bh6 (13. Qd3) 13... Bc8 14.
Nxd4 cxd4 $15 15. Na4 Bd7 16. Nb2 a6 17. Nd3 Qe7 18. Bxg7 Kxg7 19. Qg5 Rfe8 20.
Kb1 b5 21. cxb5 axb5 22. Be2 (22. Rc1) 22... Qd8 $17 23. Qd2 Qb6 (23... Qa5)
24. Rc1 $17 Ra3 25. Rc2 Rea8 26. Rhc1 R8a7 27. Nb4 Qa5 28. Rb2 Qd8 (28... Rc7)
29. Nc6 $11 Bxc6 30. dxc6 d5 31. Bd3 Qd6 32. Qc2 dxe4 (32... Rc7) 33. fxe4 Rc7
34. Qc5 $14 Qxc5 35. Rxc5 Ra8 (35... b4) 36. Rbc2 Rac8 {Diagrama #} 37. b4 $16
Ng4 38. Bxb5 Ne3 39. Rd2 Kf6 40. Ba6 Rb8 41. b5 Ke6 42. a4 Kd6 (42... f5) 43.
Rc1 $18 f5 44. Bb7 fxe4 45. a5 Rbxb7 46. cxb7 Rxb7 47. Rb2 Nd5 48. a6 Rf7 49.
b6 Nc3+ 50. Rxc3 dxc3 51. b7 Rf1+ 52. Kc2 cxb2 53. b8=Q+ Kc6 54. Qb7+ Kc5 55.
a7 b1=Q+ 56. Qxb1 Rxb1 57. Kxb1 Kd4 58. a8=Q Ke3 59. Qa2 Kd3 1-0

[Event "XXXV Abierto Ciudad de Sevilla"]
[Site "?"]
[Date "2010.01.16"]
[Round "9"]
[White "Hamdouchi, Adina-Maria"]
[Black "Fernandez Ruiz, Manuel"]
[Result "1-0"]
[WhiteElo "2295"]
[BlackElo "2062"]
[PlyCount "73"]
[EventDate "2010.01.06"]
[SourceDate "2010.01.08"]

1. Nf3 Nf6 2. g3 g6 3. b3 Bg7 4. Bb2 d6 5. d4 c6 6. Bg2 O-O 7. Nbd2 Qa5 8. O-O
Qh5 9. e4 Bh3 10. Re1 Bxg2 11. Kxg2 Nbd7 12. Nf1 Rfe8 13. e5 dxe5 14. dxe5 Nd5
15. c4 N5b6 16. Qe2 Nc5 17. Rad1 Rad8 18. Ne3 Ne6 19. h4 Nd7 (19... Rd7) 20.
Rd2 Ndc5 21. Rxd8 Rxd8 22. Rd1 Nd7 23. Kf1 Bf8 (23... a6) 24. b4 Nb6 (24... Bg7
) 25. Rxd8 Nxd8 26. Qd1 Ne6 27. Bc1 $16 g5 28. c5 Nd5 29. Nxd5 cxd5 30. Qxd5
Qg4 31. a3 gxh4 32. Nxh4 Nd4 33. Kg2 Nc6 34. Bf4 Bg7 {Diagrama #} (34... a6)
35. b5 $18 e6 36. Qd7 Nxe5 37. Qd8+ 1-0

[Event "XXXV Abierto Ciudad de Sevilla"]
[Site "?"]
[Date "2010.01.16"]
[Round "9"]
[White "Aranaz Murillo, Amalia"]
[Black "Carretero Ortiz, Francisco"]
[Result "0-1"]
[WhiteElo "2057"]
[BlackElo "2243"]
[PlyCount "106"]
[EventDate "2010.01.06"]
[SourceDate "2010.01.08"]

1. Nf3 Nc6 2. d4 d5 3. c4 e5 4. dxe5 Bb4+ 5. Bd2 dxc4 6. e3 Be6 7. Qc2 Qe7 8.
Bxc4 Bxc4 9. Qxc4 O-O-O 10. O-O Bxd2 11. Nbxd2 Nxe5 12. Nxe5 Qxe5 13. Nf3 Qf6
14. Rac1 Rd7 15. Qa4 a6 16. b4 Ne7 17. b5 $16 Rhd8 18. bxa6 (18. Rb1) (18. Nd4)
18... Qxa6 19. Qc2 (19. Qxa6 bxa6 20. Ne5 Rd2) 19... Ng6 20. Rb1 Rd5 21. Rfc1
R8d7 22. h3 Ra5 23. Rb2 Qd3 24. Nd4 Ne5 25. Rcb1 (25. Qb1 Qxb1 26. Rcxb1 b6)
25... Qxc2 26. Rxc2 Rdd5 27. f4 (27. Kf1) 27... Nd3 28. g3 (28. Kf1) 28... Rdc5
29. Rxc5 Nxc5 30. Rb5 Rxb5 31. Nxb5 $15 Kd7 32. Nd4 (32. Kf2) 32... Ne4 33. Kg2
c5 34. Nc2 (34. Kf3) 34... Kc6 $17 35. Kf3 Kd5 36. g4 (36. a4 b6 (36... Nc3 37.
e4+) 37. g4) 36... Nc3 37. a3 b5 $19 38. h4 {Diagrama #} Kc4 39. e4 Kd3 40.
Ne1+ Kd2 41. Ng2 Nb1 42. e5 Nxa3 43. Ne3 b4 44. f5 Nb5 45. g5 Kd3 46. h5 b3 47.
Nd1 Nd4+ 48. Kf4 c4 49. e6 Nxe6+ 50. fxe6 fxe6 51. Ke5 c3 52. Nxc3 Kxc3 53.
Kxe6 b2 0-1

[Event "XXXV Abierto Ciudad de Sevilla"]
[Site "?"]
[Date "2010.01.16"]
[Round "9"]
[White "Korneev, Oleg"]
[Black "Urbina Perez, Juan Antonio"]
[Result "1-0"]
[WhiteElo "2573"]
[BlackElo "2197"]
[PlyCount "133"]
[EventDate "2010.01.06"]
[SourceDate "2010.01.08"]

1. e4 c5 2. Nf3 d6 3. d4 cxd4 4. Nxd4 Nf6 5. Nc3 a6 6. Be3 e5 7. Nf3 Be7 8. Bc4
Qc7 9. Bb3 Nbd7 10. O-O O-O 11. Bg5 h6 12. Bh4 Rb8 13. a4 b5 14. axb5 axb5 15.
Nd2 b4 16. Bxf6 Nxf6 17. Nd5 Nxd5 18. Bxd5 Bd7 19. Nc4 Bb5 20. b3 Bxc4 (20...
Bg5) 21. Bxc4 Qc5 22. Ra6 Ra8 23. Rxa8 Rxa8 24. Qh5 Rf8 25. Rd1 Qa7 26. g3 Qc7
27. Rd5 Bg5 28. Qd1 Rb8 29. h4 (29. Rxd6 Rd8 30. Rxd8+ Qxd8) 29... Be7 30. Qa1
Bf8 31. Ra5 d5 32. Rxd5 Bd6 33. Qd1 Rd8 34. Kg2 Qe7 35. Qf3 Qf6 (35... Bc7) 36.
Qxf6 gxf6 $18 37. Kf3 Be7 38. Rb5 Rd7 39. Rb8+ Kg7 40. Rc8 Bd6 41. Rc6 Bb8 42.
Rb6 Bd6 43. Bb5 Bc5 44. Rc6 Bd4 45. Rc8 Rb7 46. Bc6 Ra7 47. Bd5 Re7 48. Rc4 Bc3
49. Kg4 Be1 50. Kf5 Rd7 51. h5 Re7 52. g4 Rd7 53. f3 Ra7 54. Rc6 Bh4 55. Rb6
Rc7 56. Bc4 Be1 57. Rxf6 Bc3 58. g5 hxg5 59. h6+ Kg8 60. Kxg5 Bd2+ {Diagrama #}
61. Kh5 Rd7 62. Bd5 Rc7 63. Rg6+ Kh8 64. Rg7 Rd7 65. Bxf7 Rd6 66. Bg6 Bxh6 67.
Rh7+ 1-0

[Event "XXXV Abierto Ciudad de Sevilla"]
[Site "?"]
[Date "2010.01.16"]
[Round "9"]
[White "Franco Ocampos, Zenon"]
[Black "Justiniano Marquez, Marco Antonio"]
[Result "1-0"]
[WhiteElo "2535"]
[BlackElo "2077"]
[PlyCount "86"]
[EventDate "2010.01.06"]
[SourceDate "2010.01.08"]

1. c4 c6 2. e4 e5 3. Nf3 d6 4. d4 Bg4 5. Be3 Nd7 6. Nc3 Be7 7. Qd2 Qc7 8. Be2
Ngf6 9. O-O O-O 10. b4 Rfe8 11. Rac1 Bf8 12. d5 a6 13. a4 h6 14. a5 Reb8 15. h3
Bxf3 16. Bxf3 c5 17. Na4 b6 18. axb6 Nxb6 19. Nxb6 Rxb6 20. bxc5 dxc5 21. Qa5
Rb7 22. Ra1 Nd7 23. Qxc7 Rxc7 24. Ra5 Bd6 25. Rfa1 Rca7 26. Bd1 Bc7 27. Rxc5 (
27. R5a2) 27... Nxc5 28. Bxc5 Rb7 29. Ba3 Bd8 30. Bd6 a5 31. c5 Rb4 32. c6 Rc4
{Diagrama #} 33. Be2 Rxe4 34. Bf3 Rc4 35. Bxe5 Rc8 36. Bg4 Ra8 37. Bd7 Rc5 38.
Rd1 a4 39. f4 Ra6 40. Kh2 a3 41. Bd6 Rc3 42. Bf5 Ra7 $2 (42... a2 43. Be5 Rc5)
43. Be5 Rc4 {Ilegible} 1-0

[Event "XXXV Abierto Ciudad de Sevilla"]
[Site "?"]
[Date "2010.01.16"]
[Round "9"]
[White "Cabrera Trujillo, Jorge Juan"]
[Black "Barrera Martinez, Francisco"]
[Result "1-0"]
[WhiteElo "2384"]
[BlackElo "2073"]
[PlyCount "83"]
[EventDate "2010.01.06"]
[SourceDate "2010.01.08"]

1. e4 e5 2. Nf3 Nc6 3. Bb5 a6 4. Ba4 Nf6 5. d3 b5 6. Bb3 Bb7 7. a4 Be7 8. Bd2
O-O 9. Na3 b4 10. Nc4 d6 11. O-O a5 12. Ne3 Bc8 13. c3 Rb8 14. Bc4 h6 15. Qe1
Nh7 16. Bd5 bxc3 17. Bxc6 cxd2 18. Qxd2 Ng5 19. Nxg5 Bxg5 20. Qxa5 Bxe3 21.
fxe3 Rxb2 22. Qc3 Re2 23. Rfe1 Rxe1+ 24. Rxe1 Ba6 25. Qb3 Qb8 26. Rb1 Qa7 27.
Kf2 Kh8 28. Ke2 Qc5 29. Bd5 f6 30. Kd2 Qa7 31. Qb4 Bc8 32. a5 f5 33. exf5 Rxf5
34. Ke2 Rf8 35. Bf3 Ba6 36. Rb2 Rd8 37. Bc6 Rf8 38. Bf3 Re8 39. Qe4 Rf8 $2 (
39... Rb8) 40. Qg6 $18 c5 {Diagrama #} 41. Be4 Kg8 42. Qxd6 1-0